| 000 | 00826nam a22001937a 4500 | ||
|---|---|---|---|
| 008 | 101109r19841985ua|||||r|||| 001 0 eng d | ||
| 020 | _a9774240928 | ||
| 082 |
_a306.850962 _bRUG |
||
| 100 |
_921084 _aRugh, Andrea B. |
||
| 245 |
_aFamily in Contemporary Egypt / _cAndrea B. Rugh |
||
| 260 |
_aCairo : _bThe American University in Cairo Press, 1985 _c1985 |
||
| 300 |
_a305 p. : _bill. ; _c23 cm. |
||
| 500 | _aFirst published by Syracuse University Press, 1984. | ||
| 504 | _aIncludes bibliographical references: p. 297-300. and index | ||
| 650 |
_921085 _aFamilies _zEgypt |
||
| 651 |
_921086 _aEgypt _xSocial conditions |
||
| 942 |
_2ddc _cBB |
||
| 999 |
_c14830 _d14830 |
||